000 00235nam a22001217a 4500
082 _a823
_bBRO/J
100 _aBRONTE,CHARLOTTE
245 _aJANE EYRE
260 _bPEACOCK BOOKS
_c2018
300 _a97
650 _aSTORY
942 _cBK
999 _c7215
_d7215